<?xml version="1.0" encoding="UTF-8"?>
<record
    xmlns:xsi="http://www.w3.org/2001/XMLSchema-instance"
    xsi:schemaLocation="http://www.loc.gov/MARC21/slim http://www.loc.gov/standards/marcxml/schema/MARC21slim.xsd"
    xmlns="http://www.loc.gov/MARC21/slim">

  <leader>01688nam a2200205 a 4500</leader>
  <controlfield tag="001">000048543</controlfield>
  <controlfield tag="005">20250701121838.0</controlfield>
  <controlfield tag="008">190329s2008    dr a          000 m spa d</controlfield>
  <datafield tag="020" ind1=" " ind2=" ">
    <subfield code="a">9789945406825</subfield>
  </datafield>
  <datafield tag="040" ind1=" " ind2=" ">
    <subfield code="a">DO-SdBNP</subfield>
    <subfield code="b">spa</subfield>
    <subfield code="c">BNPHU</subfield>
  </datafield>
  <datafield tag="082" ind1=" " ind2=" ">
    <subfield code="a">xxxx</subfield>
    <subfield code="b">R426p</subfield>
  </datafield>
  <datafield tag="110" ind1="1" ind2=" ">
    <subfield code="a">Rep&#xFA;blica Dominicana.</subfield>
    <subfield code="b">Secretar&#xED;a de Estado de Educaci&#xF3;n Superior, Ciencia y Tecnolog&#xED;a</subfield>
    <subfield code="9">18778</subfield>
  </datafield>
  <datafield tag="245" ind1="1" ind2="0">
    <subfield code="a">Plan decenal de educaci&#xF3;n superior 2008-2018 :</subfield>
    <subfield code="b">una educaci&#xF3;n superior de calidad, para el pa&#xED;s que so&#xF1;amos los dominicanos /</subfield>
    <subfield code="c">presentaci&#xF3;n Ligia Amada Melo de Cardona ; edici&#xF3;n Luz Alm&#xE1;nzar Rodr&#xED;guez.</subfield>
  </datafield>
  <datafield tag="260" ind1=" " ind2=" ">
    <subfield code="a">Santo Domingo :</subfield>
    <subfield code="b">SEESCYT,</subfield>
    <subfield code="c">2008.</subfield>
  </datafield>
  <datafield tag="300" ind1=" " ind2=" ">
    <subfield code="a">xxi, 562 p. ;</subfield>
    <subfield code="c">27 cm.</subfield>
  </datafield>
  <datafield tag="505" ind1="0" ind2=" ">
    <subfield code="g">Presentaci&#xF3;n /</subfield>
    <subfield code="r">Ligia Amada Melo de Cardona --</subfield>
    <subfield code="g">Introducci&#xF3;n --</subfield>
    <subfield code="t">&#xC1;rea 1: Contexto: Un mundo de retos y desaf&#xED;os positivos --</subfield>
    <subfield code="t">Programas estrat&#xE9;gicos del Plan Decenal de Educaci&#xF3;n Superior 2008-2018 --</subfield>
    <subfield code="t">&#xC1;rea 2: Cualitativa: Fomentando la cultura de creaci&#xF3;n del conocimiento --</subfield>
    <subfield code="t">&#xC1;rea 3: Vinculando las instituciones de Educaci&#xF3;n Superior (IES) y el sector productivo --</subfield>
    <subfield code="t">&#xC1;rea 4: Cuantitativa: Fomentando la equidad y la ampliaci&#xF3;n de la cobertura en la Educaci&#xF3;n Superior --</subfield>
    <subfield code="t">&#xC1;rea 5: Mejoramiento y modernizaci&#xF3;n de la Educaci&#xF3;n Superior --</subfield>
    <subfield code="t">&#xC1;rea 6: Asignando m&#xE1;s recursos y mayor eficiencia en la Educaci&#xF3;n Superior --</subfield>
    <subfield code="t">Organizaci&#xF3;n y gesti&#xF3;n de la ejecuci&#xF3;n del Plan Decenal de Educaci&#xF3;n Superior 2008-2018 --</subfield>
    <subfield code="t">Evaluaci&#xF3;n, seguimiento y difusi&#xF3;n del Plan Decenal de Educaci&#xF3;n Superior 2008-2018 --</subfield>
    <subfield code="g">Anexos.</subfield>
  </datafield>
  <datafield tag="590" ind1=" " ind2=" ">
    <subfield code="a">Inventariado, 2019/LP</subfield>
  </datafield>
  <datafield tag="700" ind1="1" ind2=" ">
    <subfield code="a">Melo de Cardona, Ligia Amada,</subfield>
    <subfield code="e">present.</subfield>
    <subfield code="9">27174</subfield>
  </datafield>
  <datafield tag="700" ind1="1" ind2=" ">
    <subfield code="a">Alm&#xE1;nzar Rodr&#xED;guez, Luz,</subfield>
    <subfield code="e">ed.</subfield>
    <subfield code="9">56217</subfield>
  </datafield>
  <datafield tag="952" ind1=" " ind2=" ">
    <subfield code="0">0</subfield>
    <subfield code="1">0</subfield>
    <subfield code="7">1</subfield>
    <subfield code="8">PD</subfield>
    <subfield code="a">PD</subfield>
    <subfield code="b">PD</subfield>
    <subfield code="c">HD</subfield>
    <subfield code="d">2019-03-29</subfield>
    <subfield code="i">LF1</subfield>
    <subfield code="l">0</subfield>
    <subfield code="o">xxxx R426p</subfield>
    <subfield code="p">48543-10</subfield>
    <subfield code="r">2020-06-25</subfield>
    <subfield code="w">2020-06-25</subfield>
    <subfield code="y">LFPD</subfield>
    <subfield code="Z">No se presta</subfield>
  </datafield>
  <datafield tag="999" ind1=" " ind2=" ">
    <subfield code="c">48031</subfield>
    <subfield code="d">48031</subfield>
  </datafield>
</record>
